| 000 | 00684nam a2200217Ia 4500 | ||
|---|---|---|---|
| 001 | 15197 | ||
| 003 | GE_BSU | ||
| 008 | 181216s||||||||xx |||||||||||||| ||und|| | ||
| 040 | _cGE_BSU | ||
| 080 | _a821.353.1-1 | ||
| 100 | _aშერაზადაშვილი,ზაქარია | ||
| 245 | _aერთტომეული | ||
| 245 | _bლექსები | ||
| 245 | _cრედ:ი.არაბული;მხატვ:ვ.ჯიშკარიანი. | ||
| 260 | _aთბილისი. | ||
| 260 | _bსაბჭოთა საქართველო | ||
| 260 | _c1982 | ||
| 300 | _a248გვ;17სმ | ||
| 653 | _aლექსები | ||
| 942 | _cBK | ||
| 999 |
_c48309 _d48309 |
||